<?xml version="1.0" encoding="UTF-8"?><?xml-stylesheet type="text/xsl" href="static/style.xsl"?><OAI-PMH xmlns="http://www.openarchives.org/OAI/2.0/" xmlns:xsi="http://www.w3.org/2001/XMLSchema-instance" xsi:schemaLocation="http://www.openarchives.org/OAI/2.0/ http://www.openarchives.org/OAI/2.0/OAI-PMH.xsd"><responseDate>2026-06-05T13:37:37Z</responseDate><request verb="GetRecord" identifier="oai:riuma.uma.es:10630/32514" metadataPrefix="marc">https://riuma.uma.es/rest/oai/request</request><GetRecord><record><header><identifier>oai:riuma.uma.es:10630/32514</identifier><datestamp>2026-02-03T10:49:57Z</datestamp><setSpec>com_10630_2254</setSpec><setSpec>col_10630_37953</setSpec></header><metadata><record xmlns="http://www.loc.gov/MARC21/slim" xmlns:dcterms="http://purl.org/dc/terms/" xmlns:doc="http://www.lyncode.com/xoai" xmlns:xsi="http://www.w3.org/2001/XMLSchema-instance" xsi:schemaLocation="http://www.loc.gov/MARC21/slim http://www.loc.gov/standards/marcxml/schema/MARC21slim.xsd">
   <leader>00925njm 22002777a 4500</leader>
   <datafield ind2=" " ind1=" " tag="042">
      <subfield code="a">dc</subfield>
   </datafield>
   <datafield ind2=" " ind1=" " tag="720">
      <subfield code="a">Burgueño Romero, Antonio Manuel</subfield>
      <subfield code="e">author</subfield>
   </datafield>
   <datafield ind2=" " ind1=" " tag="720">
      <subfield code="a">Barba-González, Cristóbal</subfield>
      <subfield code="e">author</subfield>
   </datafield>
   <datafield ind2=" " ind1=" " tag="720">
      <subfield code="a">Aldana-Montes, José Francisco</subfield>
      <subfield code="e">author</subfield>
   </datafield>
   <datafield ind2=" " ind1=" " tag="260">
      <subfield code="c">2024-08</subfield>
   </datafield>
   <datafield ind2=" " ind1=" " tag="520">
      <subfield code="a">Developing an annual and global high-resolution land cover map is one of the most ambitious tasks in remote&#xd;
sensing, with increasing importance due to the continual rise in validated data and satellite imagery. The&#xd;
success of land cover classification models largely hinges on the data quality, coupled with the application of&#xd;
Big Data techniques and distributed computing. This is essential for efficiently processing the extensive volume&#xd;
of available satellite data. However, maintaining the lifecycle of several annual Machine Learning models&#xd;
presents a complex challenge. The rise of Machine Learning Operations offers an opportunity to automate the&#xd;
maintenance of these models, a feature particularly beneficial in systems that require generating new models&#xd;
each year alongside the continuous integration of validated data. This article details the development of an&#xd;
end-to-end MLOps workflow, meticulously integrating land cover classification models that employ Big Data&#xd;
strategies for processing large-scale, high-resolution spatial data. The workflow is designed within a Kubernetes&#xd;
environment, achieving on-demand auto-scaling, distributed computing, and load balancing. This integration&#xd;
demonstrates the practicality and efficiency of managing and deploying models that treat satellite imagery in&#xd;
an automated, scalable framework, thus marking a significant advancement in remote sensing and MLOps.</subfield>
   </datafield>
   <datafield ind1="8" ind2=" " tag="024">
      <subfield code="a">Antonio M. Burgueño-Romero, Cristóbal Barba-González, José F. Aldana-Montes, Big Data-driven MLOps workflow for annual high-resolution land cover classification odels,&#xd;
Future Generation Computer Systems, Volume 163, 2025, 107499, ISSN 0167-739X</subfield>
   </datafield>
   <datafield ind1="8" ind2=" " tag="024">
      <subfield code="a">https://hdl.handle.net/10630/32514</subfield>
   </datafield>
   <datafield ind1="8" ind2=" " tag="024">
      <subfield code="a">10.1016/j.future.2024.107499</subfield>
   </datafield>
   <datafield tag="653" ind2=" " ind1=" ">
      <subfield code="a">Datos masivos</subfield>
   </datafield>
   <datafield tag="653" ind2=" " ind1=" ">
      <subfield code="a">Teledetección</subfield>
   </datafield>
   <datafield ind2="0" ind1="0" tag="245">
      <subfield code="a">⁠Big Data-driven MLOps workflow for annual high-resolution land cover classification models</subfield>
   </datafield>
</record>
</metadata></record></GetRecord></OAI-PMH>